书目信息 |
| 题名: |
抑郁症用药配餐
|
|
| 作者: | 杜爱华 , 王杨 主编 | |
| 分册: | ||
| 出版信息: | 长春 吉林科学技术出版社 2006.01 |
|
| 页数: | 185页 | |
| 开本: | 22cm | |
| 丛书名: | ||
| 单 册: | ||
| 中图分类: | R749.405 | |
| 科图分类: | R749.405 | |
| 主题词: | 抑郁症-用药法 | |
| 电子资源: | ||
| ISBN: | 7-5384-3177-2 | |
| 000 | 00635nam0 2200217 450 | |
| 001 | 0636726655 | |
| 005 | 20061011100556.23 | |
| 010 | @a7-5384-3177-2@dCNY 10.00 | |
| 100 | @a20060825d2006 km y0chiy0120 ea | |
| 101 | 0 | @achi |
| 102 | @aCN@b220000 | |
| 200 | 1 | @a抑郁症用药配餐@Ayi yu zheng yong yao pei can@f杜爱华,王杨主编@Fdu ai hua,wang yang zhu bian |
| 210 | @a长春@c吉林科学技术出版社@d2006.01 | |
| 215 | @a185页@d22cm | |
| 606 | 0 | @a抑郁症-用药法 |
| 690 | @aR749.405@v4 | |
| 692 | @aR749.405 | |
| 701 | 0 | @a杜爱华@Adu ai hua@4主编 |
| 701 | 0 | @a王杨@Awang yang@4主编 |
| 801 | 0 | @aCN@c20061011 |
| 905 | @apdsgxy@dR749.405@eD802 | |
| 抑郁症用药配餐/杜爱华,王杨主编.-长春:吉林科学技术出版社,2006.01 |
| 185页;22cm |
| ISBN 7-5384-3177-2:CNY 10.00 |
| ● |
| 相关链接 |
|
|
|
正题名:抑郁症用药配餐
索取号:R749.405/D802
 
预约/预借
| 序号 | 登录号 | 条形码 | 馆藏地/架位号 | 状态 | 备注 |
| 1 | 609816 | 206098168 | 自科库401/401自科库 21排3列3层/ [索取号:R749.405/D802] | 在馆 | |
| 2 | 609817 | 206098177 | 自科库401/401自科库 21排3列3层/ [索取号:R749.405/D802] | 在馆 | |
| 3 | 609818 | 206098186 | 自科库401/401自科库 21排3列3层/ [索取号:R749.405/D802] | 在馆 |